Culture Générale - Série 2316 - Statistiques

Statistiques générales
  • Ce quiz a été pris 196 fois
  • Le résultat moyen est 6 sur 10
Statistiques - réponses
Question Réponse % Correct
Selon l'expression, à quelle heure va-t-on chercher midi lorsque l'on complique inutilement les choses ? 14 heures
98%
Quel pays a pour capitale Katmandou ? voir drapeau Népal
95%
Quel fleuve a le plus haut débit au monde ? Amazone
79%
Quel pays défile en premier lors de la cérémonie d'ouverture des Jeux Olympiques ? Grèce
77%
Comment appelle-t-on le symbole " &" ? esperluette
67%
Sous quel prénom et nom connaissait-on mieux l'acteur et chanteur Ivo Livi ? Yves Montand
57%
Dans quel pays se trouve le célèbre stade de football "River Plate Stadium" ? Argentine
50%
Comment appelle-t-on le fruit du plaqueminier ? kaki
43%
Instrument de musique à vent ovoïde, ressemblant à une tête d'oie, d'où son nom en italien qui signifie "petite oie) ocarina
39%
Au Moyen-Age, comment appelait-on un village fortifié ? bastide
24%
Aucun quiz correspondant
Distribution des résultats
% des personnes avec chaque résultat
Percentile par nombre de réponses
Votre historique - résultats
Vous n’avez pas pris ce quiz